000 00590nam a22002177a 4500
003 UA-OsUOA
001 117974
007 ta
008 20160704b un ||||| |||| 00| 0 ukr d
100 _aСоколов Б.
090 _a93
_bС59
942 _cSA
040 _aUA-OsUOA
_bukr
_cUA-OsUOA
_dUA-OsUOA
245 _aБолгарія в Другій світовій війні: між двома диктатурами
300 _aС.14
955 _a0
041 _aukr
080 _a93
773 0 _w117970
650 7 _a9 Географія. Біографії. Історія
_2UDC
999 _c404017
_d404017